Biblioteca y Centro de Documentación

Comunicación de la Comisión al Parlamento Europeo y al Consejo sobre el refuerzo de la seguridad marítima tras el naufragio del petrolero "prestige" (Registro nro. 14616)

Detalles MARC
000 -CABECERA
Longitud fija campo de control 01298nam a2200373 c 4500
001 - NÚMERO DE CONTROL
Número de control 14616
003 - IDENTIFICADOR DE NÚMERO DE CONTROL
Identificador del número de control ES-MaCES
005 - FECHA Y HORA DE LA ÚLTIMA TRANSACCIÓN
Fecha y hora de la última transacción 20160629131901.0
008 - CAMPO FIJO DE DESCRIPCIÓN FIJA--INFORMACIÓN GENERAL
Códigos de información de longitud fija   030220s2002 lu d t o000 | spa d
035 ## - NÚMERO DE CONTROL DEL SISTEMA
Número de control del sistema CES20030001450m
040 ## - FUENTE DE CATALOGACIÓN
Centro catalogador de origen ES-MaCES
Lengua de catalogación spa
Centro transcriptor ES-MaCES
110 2# - ENCABEZAMIENTO PRINCIPAL--NOMBRE CORPORATIVO
9 (RLIN) 2014
Nombre de entidad corporativa o nombre de jurisdicción como elemento inicial Comisión de las Comunidades Europeas
245 10 - MENCIÓN DE TÍTULO
Título Comunicación de la Comisión al Parlamento Europeo y al Consejo sobre el refuerzo de la seguridad marítima tras el naufragio del petrolero "prestige"
260 ## - PUBLICACIÓN, DISTRIBUCIÓN, ETC (PIE DE IMPRENTA)
Lugar de publicación, distribución, etc. Luxemburgo
Nombre del editor, distribuidor, etc. Oficina de Publicaciones Oficiales de las Comunidades Europeas
Fecha de publicación, distribución, etc. 2002
300 ## - DESCRIPCIÓN FÍSICA
Extensión 28 p.
Dimensiones 30 cm
490 1# - MENCIÓN DE SERIE
Mención de serie COM(02)
Designación de volumen o secuencia 681 final
500 ## - NOTA GENERAL
Nota general Tít. tomado de la cub.
541 ## - NOTA DE LA FUENTE INMEDIANTE DE ADQUISICIÓN
Forma de adquisición Suscripción conjunta
650 #4 - ASIENTO SECUNDARIO DE MATERIA--TÉRMINO DE MATERIA
Término de materia o nombre geográfico como elemento inicial buque cisterna
9 (RLIN) 28043
650 #4 - ASIENTO SECUNDARIO DE MATERIA--TÉRMINO DE MATERIA
Término de materia o nombre geográfico como elemento inicial accidente
9 (RLIN) 29648
650 #4 - ASIENTO SECUNDARIO DE MATERIA--TÉRMINO DE MATERIA
Término de materia o nombre geográfico como elemento inicial transporte marítimo
9 (RLIN) 28055
650 #4 - ASIENTO SECUNDARIO DE MATERIA--TÉRMINO DE MATERIA
Término de materia o nombre geográfico como elemento inicial combustible
9 (RLIN) 27775
650 #4 - ASIENTO SECUNDARIO DE MATERIA--TÉRMINO DE MATERIA
Término de materia o nombre geográfico como elemento inicial contaminación del mar
9 (RLIN) 29748
650 #4 - ASIENTO SECUNDARIO DE MATERIA--TÉRMINO DE MATERIA
Término de materia o nombre geográfico como elemento inicial mecanismo de control
9 (RLIN) 29918
650 #4 - ASIENTO SECUNDARIO DE MATERIA--TÉRMINO DE MATERIA
Término de materia o nombre geográfico como elemento inicial derecho marítimo
9 (RLIN) 27167
650 #4 - ASIENTO SECUNDARIO DE MATERIA--TÉRMINO DE MATERIA
Término de materia o nombre geográfico como elemento inicial derecho internacional
9 (RLIN) 26684
650 #4 - ASIENTO SECUNDARIO DE MATERIA--TÉRMINO DE MATERIA
Término de materia o nombre geográfico como elemento inicial derecho comunitario
9 (RLIN) 29866
653 10 - TÉRMINO DE INDEXACIÓN--NO CONTROLADO
Término no controlado Pesca
650 #4 - ASIENTO SECUNDARIO DE MATERIA--TÉRMINO DE MATERIA
9 (RLIN) 26752
Término de materia o nombre geográfico como elemento inicial UE
830 #0 - ENCABEZAMIENTO SECUNDARIO DE COLECCIÓN--TÍTULO UNIFORME
Título uniforme COM(02)
Designación de volumen o secuencia 681 final
9 (RLIN) 33731
902 ## - CES. TIPO DE DOCUMENTO
Tipodoc (006$c Sirtex) DOC Literatura gris
942 ## - ELEMENTOS KOHA
Fuente de clasificaión o esquema Clasificación propia del CES
Koha [por defecto] tipo de item Monografías
Parte de clasificación 5.1.
Existencias
Número de registro Signatura completa Tipo de item de Koha
050369 COM(02)681F Monografías
© CES, Consejo Económico y Social de España 2021